[Event "Moscow Aeroflot op-A"]
[Site "Moscow"]
[Date "2024.03.05"]
[Round "6"]
[White "Goganov, Aleksey"]
[Black "Shapiro, David"]
[Result "1-0"]
[WhiteElo "2491"]
[BlackElo "2391"]
[PlyCount "71"]
[EventDate "2024.03.03"]
[EventType "swiss"]
[EventRounds "9"]
[EventCountry "RUS"]
[SourceTitle "CB11_2024"]
[SourceDate "2024.03.13"]
[SourceVersion "1"]
[SourceVersionDate "2024.03.13"]
[SourceQuality "1"]

1. Nf3 d5 2. e3 Nf6 3. c4 e6 4. Nc3 c6 5. b3 Nbd7 6. Qc2 Bd6 7. Bb2 0-0 8. Be2 Qe7 9. 0-0 b6 10. cxd5 exd5 11. Nd4 Bb7 12. Nf5 Qe6 13. Nxd6 Qxd6 14. a4 Rfe8 15. a5 Rac8 16. axb6 axb6 17. Ra7 Qb8 18. Rfa1 c5 19. Nb5 Re6 20. Qf5 d4 21. Bc4 Re5 22. Qh3 Bc6 23. exd4 Rg5 24. Bf1 Nf8 25. dxc5 Ne6 26. Bxf6 gxf6 27. Rxf7 Kxf7 28. Nd6+ Ke7 29. Re1 Re5 30. Qxh7+ Kd8 31. Rxe5 fxe5 32. Qg8+ Kc7 33. Qxe6 Rg8 34. Qe7+ Bd7 35. Qxe5 bxc5 36. Ne8+ 1-0

[Event "Moscow-ch op Superfinal"]
[Site "Ershovo"]
[Date "2024.02.25"]
[Round "4"]
[White "Yurasov, Matfey"]
[Black "Goganov, Aleksey"]
[Result "0-1"]
[WhiteElo "2178"]
[BlackElo "2491"]
[PlyCount "118"]
[EventDate "2024.02.23"]
[EventType "swiss"]
[EventRounds "10"]
[EventCountry "RUS"]
[SourceTitle "CB10_2024"]
[SourceDate "2024.03.06"]
[SourceVersion "1"]
[SourceVersionDate "2024.03.06"]
[SourceQuality "1"]

1. Nf3 d5 2. g3 c6 3. Bg2 Bg4 4. 0-0 Nd7 5. h3 Bxf3 6. Bxf3 Ngf6 7. d3 e5 8. e4 Bc5 9. exd5 Nxd5 10. Bxd5 cxd5 11. Qf3 Nb6 12. b4 Bxb4 13. Qg4 Bf8 14. Re1 f6 15. d4 e4 16. c4 Qd7 17. c5 Qxg4 18. hxg4 Nc4 19. Nc3 0-0-0 20. Rb1 Na5 21. f3 Nc6 22. Be3 exf3 23. Kf2 Bxc5 24. dxc5 d4 25. Ne4 dxe3+ 26. Kxe3 Rhe8 27. Kxf3 Kc7 28. Nd6 Nd4+ 29. Kf2 Rxe1 30. Rxe1 Kc6 31. Re4 Rd7 32. Rxd4 Kxc5 33. Ra4 Rxd6 34. Rxa7 Rb6 35. Kf3 Rb5 36. Ra8 Kb6 37. Rh8 h6 38. Rg8 Rg5 39. Kf4 Kc5 40. Rc8+ Kb6 41. Rg8 Ka7 42. a3 Kb6 43. a4 Ka7 44. a5 g6 45. Rf8 Rxa5 46. Rxf6 Ra6 47. Rf7 Re6 48. g5 hxg5+ 49. Kxg5 Ka6 50. g4 b5 51. Rf6 Rxf6 52. Kxf6 b4 53. g5 b3 54. Kxg6 b2 55. Kf6 b1Q 56. g6 Qf1+ 57. Kg7 Qf5 58. Kh6 Qh3+ 59. Kg7 Kb7 0-1

[Event "Moscow-ch op Superfinal"]
[Site "Ershovo"]
[Date "2024.02.24"]
[Round "2"]
[White "Kramarenko, Elena"]
[Black "Goganov, Aleksey"]
[Result "0-1"]
[WhiteElo "1671"]
[BlackElo "2491"]
[PlyCount "68"]
[EventDate "2024.02.23"]
[EventType "swiss"]
[EventRounds "10"]
[EventCountry "RUS"]
[SourceTitle "CB10_2024"]
[SourceDate "2024.03.06"]
[SourceVersion "1"]
[SourceVersionDate "2024.03.06"]
[SourceQuality "1"]

1. e4 c5 2. Nf3 d6 3. d4 cxd4 4. Nxd4 Nf6 5. Nc3 a6 6. Bg5 e6 7. f4 h6 8. Bh4 Qb6 9. a3 Nbd7 10. Bf2 Qc7 11. Qf3 b5 12. 0-0-0 Rb8 13. Re1 b4 14. Nd5 exd5 15. exd5+ Be7 16. Nc6 Ng8 17. Bh4 g5 18. Bf2 Kf8 19. axb4 Bf6 20. Nxb8 Qxb8 21. Qe4 gxf4 22. g3 f3 23. Bh3 Ne5 24. Bxc8 Qxc8 25. Bd4 Bg5+ 26. Be3 f2 27. Re2 Nf6 28. Qd4 Nfg4 29. Bf4 Bf6 30. Qb6 Qc4 31. Rxf2 Nxf2 32. Qxd6+ Kg7 33. Bxe5 Nd3+ 34. Kb1 Bxe5 0-1

[Event "Tashkent Schev 01"]
[Site "Tashkent"]
[Date "2024.01.29"]
[Round "10.2"]
[White "Goganov, Aleksey"]
[Black "Begmuratov, Khumoyun"]
[Result "1/2-1/2"]
[WhiteElo "2501"]
[BlackElo "2393"]
[PlyCount "64"]
[EventDate "2024.01.23"]
[EventType "schev"]
[EventRounds "10"]
[EventCountry "UZB"]
[SourceTitle "CB05_2024"]
[SourceDate "2024.01.31"]
[SourceVersion "1"]
[SourceVersionDate "2024.01.31"]
[SourceQuality "1"]
[WhiteTeam "World"]
[BlackTeam "Uzbekistan"]
[BlackTeamCountry "UZB"]

1. d4 Nf6 2. c4 e6 3. Nf3 d5 4. Nc3 c6 5. e3 Nbd7 6. Qc2 Be7 7. Bd3 0-0 8. 0-0 b6 9. e4 dxe4 10. Nxe4 Bb7 11. Nxf6+ Nxf6 12. Bg5 h6 13. Bxf6 Bxf6 14. Bh7+ Kh8 15. Be4 Qe7 16. Rad1 Rfd8 17. Rfe1 Qc7 18. g3 Rd7 19. Rd2 Rad8 20. Red1 g5 21. h3 Bg7 22. c5 Ba6 23. h4 f5 24. Bd3 g4 25. Bxa6 gxf3 26. Bc4 Bxd4 27. Kf1 Bxc5 28. Qc3+ e5 29. Rxd7 Rxd7 30. Rxd7 Qxd7 31. Qxe5+ Kh7 32. Kg1 Bd4 1/2-1/2

[Event "Tashkent Schev 01"]
[Site "Tashkent"]
[Date "2024.01.28"]
[Round "8.4"]
[White "Goganov, Aleksey"]
[Black "Abdurakhmanov, Mukhmmadali"]
[Result "1/2-1/2"]
[WhiteElo "2501"]
[BlackElo "2401"]
[PlyCount "60"]
[EventDate "2024.01.23"]
[EventType "schev"]
[EventRounds "10"]
[EventCountry "UZB"]
[SourceTitle "CB05_2024"]
[SourceDate "2024.01.31"]
[SourceVersion "1"]
[SourceVersionDate "2024.01.31"]
[SourceQuality "1"]
[WhiteTeam "World"]
[BlackTeam "Uzbekistan"]
[BlackTeamCountry "UZB"]

1. Nf3 d5 2. g3 Nd7 3. d4 Nb6 4. Nc3 Nf6 5. Bg2 Bf5 6. 0-0 e6 7. Nh4 c6 8. Nxf5 exf5 9. Qd3 g6 10. Bg5 Bg7 11. b3 0-0 12. e3 Nbd7 13. Ne2 Qa5 14. Bxf6 Nxf6 15. c4 Rfd8 16. Rac1 Bf8 17. Rc2 Rd7 18. Nf4 dxc4 19. bxc4 c5 20. Rb1 cxd4 21. exd4 Rad8 22. Nd5 Nxd5 23. Bxd5 b6 24. Re2 Qa6 25. Qf3 Bg7 26. Rd1 Qa5 27. Kg2 Qb4 28. Qb3 Qa5 29. Qf3 Qb4 30. Qb3 Qa5 1/2-1/2

[Event "Tashkent Schev 01"]
[Site "Tashkent"]
[Date "2024.01.26"]
[Round "6.1"]
[White "Goganov, Aleksey"]
[Black "Madaminov, Mukhiddin"]
[Result "1/2-1/2"]
[WhiteElo "2501"]
[BlackElo "2488"]
[PlyCount "33"]
[EventDate "2024.01.23"]
[EventType "schev"]
[EventRounds "10"]
[EventCountry "UZB"]
[SourceTitle "CB05_2024"]
[SourceDate "2024.01.31"]
[SourceVersion "1"]
[SourceVersionDate "2024.01.31"]
[SourceQuality "1"]
[WhiteTeam "World"]
[BlackTeam "Uzbekistan"]
[BlackTeamCountry "UZB"]

1. Nf3 Nf6 2. c4 e6 3. g3 d5 4. Bg2 Be7 5. 0-0 0-0 6. d4 dxc4 7. Ne5 Nc6 8. Bxc6 bxc6 9. Nxc6 Qe8 10. Nxe7+ Qxe7 11. Qa4 e5 12. dxe5 Qxe5 13. Qxc4 Be6 14. Qc2 Bf5 15. Qc4 Be6 16. Qc2 Bf5 17. Qc4 1/2-1/2

[Event "KAZ Cup Final"]
[Site "Almaty"]
[Date "2023.12.01"]
[Round "2.2"]
[White "Petrosyan, Manuel"]
[Black "Goganov, Aleksey"]
[Result "1-0"]
[WhiteElo "2604"]
[BlackElo "2510"]
[PlyCount "104"]
[EventDate "2023.11.28"]
[EventType "k.o."]
[EventRounds "4"]
[EventCountry "KAZ"]
[SourceTitle "CB49_2023"]
[SourceDate "2023.12.06"]
[SourceVersion "1"]
[SourceVersionDate "2023.12.06"]
[SourceQuality "1"]

1. e4 e5 2. Nf3 Nc6 3. Bb5 a6 4. Ba4 Nf6 5. 0-0 Be7 6. d3 b5 7. Bb3 d6 8. c3 0-0 9. h3 Na5 10. Bc2 c5 11. d4 d5 12. dxe5 Nxe4 13. Nbd2 Bf5 14. Re1 Nc6 15. Nf1 Bg6 16. a4 Rc8 17. axb5 axb5 18. Qe2 b4 19. c4 Nd4 20. Nxd4 cxd4 21. cxd5 Rxc2 22. Qxc2 Qxd5 23. Qd1 Rd8 24. Qf3 Qxe5 25. Bf4 Qd5 26. Nd2 f5 27. Qb3 Qxb3 28. Nxb3 Bh4 29. g3 Bf6 30. f3 Ng5 31. Kg2 Bf7 32. Nc5 Bd5 33. Bxg5 Bxg5 34. Re5 g6 35. Ne6 Bxe6 36. Rxe6 Rd7 37. Rea6 d3 38. f4 Bh6 39. Ra8+ Bf8 40. Kf3 b3 41. Rb8 Kf7 42. Rxb3 Bg7 43. Rd1 h5 44. h4 Bf6 45. Ke3 Bd4+ 46. Kf3 Bf6 47. Rd2 Bg7 48. Rb4 Bf8 49. Rc4 Rb7 50. Ke3 Bg7 51. b4 Bf8 52. Rb2 Rd7 1-0

[Event "KAZ Cup Final"]
[Site "Almaty"]
[Date "2023.11.30"]
[Round "2.1"]
[White "Goganov, Aleksey"]
[Black "Petrosyan, Manuel"]
[Result "1/2-1/2"]
[WhiteElo "2510"]
[BlackElo "2604"]
[PlyCount "33"]
[EventDate "2023.11.28"]
[EventType "k.o."]
[EventRounds "4"]
[EventCountry "KAZ"]
[SourceTitle "CB49_2023"]
[SourceDate "2023.12.06"]
[SourceVersion "1"]
[SourceVersionDate "2023.12.06"]
[SourceQuality "1"]

1. d4 Nf6 2. c4 e6 3. Nf3 d5 4. g3 Be7 5. Bg2 0-0 6. 0-0 dxc4 7. Ne5 Nc6 8. Bxc6 bxc6 9. Nxc6 Qe8 10. Nxe7+ Qxe7 11. Qa4 e5 12. dxe5 Qxe5 13. Qxc4 Be6 14. Qc2 Bf5 15. Qc4 Be6 16. Qc2 Bf5 17. Qc4 1/2-1/2

[Event "Khanty-Mansiysk Governor Cup 19th"]
[Site "Khanty-Mansiysk"]
[Date "2023.11.22"]
[Round "6"]
[White "Goganov, Aleksey"]
[Black "Zhidelev, Nikolay"]
[Result "1-0"]
[WhiteElo "2510"]
[BlackElo "2200"]
[PlyCount "145"]
[EventDate "2023.11.17"]
[EventType "swiss"]
[EventRounds "9"]
[EventCountry "RUS"]
[SourceTitle "CB48_2023"]
[SourceDate "2023.11.29"]
[SourceVersion "1"]
[SourceVersionDate "2023.11.29"]
[SourceQuality "1"]

1. e4 c5 2. Nf3 d6 3. d4 cxd4 4. Nxd4 Nf6 5. Nc3 a6 6. Be3 e5 7. Nb3 Be6 8. f3 h5 9. Qd2 Nbd7 10. Nd5 Bxd5 11. exd5 g6 12. 0-0-0 Nb6 13. Kb1 Nbxd5 14. Bg5 Be7 15. Bd3 Qc7 16. Rhe1 Nb6 17. Qf2 0-0 18. h4 Rac8 19. g4 Na4 20. Bxf6 Bxf6 21. Be4 Kg7 22. Rg1 Rh8 23. g5 Be7 24. f4 Qb6 25. Qf3 exf4 26. Qxf4 Rc4 27. Qf3 Rf8 28. Rge1 Qc7 29. Qe2 Bd8 30. Qd3 b5 31. a3 Nc5 32. Nxc5 Qxc5 33. Rf1 Qe5 34. Rde1 Qd4 35. Qf3 Rc7 36. c3 Qc4 37. Rd1 Qe6 38. Bd5 Qg4 39. Qf2 f6 40. Rde1 Qf5+ 41. Qxf5 gxf5 42. gxf6+ Kxf6 43. Re6+ Kg7 44. Rxd6 Bxh4 45. Rg1+ Kh8 46. Rxa6 Bf2 47. Rg2 Be3 48. Re6 Bf4 49. Rb6 Rg7 50. Re2 h4 51. Rxb5 h3 52. Rb4 Bg3 53. a4 Rd7 54. Bc6 Rd6 55. Bb7 h2 56. Rxh2+ Bxh2 57. Rh4+ Kg7 58. Rxh2 Rf7 59. Bf3 Ra7 60. Rh4 Kg6 61. Kc2 Kg5 62. Rc4 Rh6 63. Kb3 Rh3 64. Bc6 Rh2 65. Ka3 f4 66. b4 Kg4 67. b5 Kg3 68. b6 Rf7 69. b7 Rf8 70. Re4 Rh1 71. Re8 Rxe8 72. Bxe8 Rb1 73. Bb5 1-0

[Event "Khanty-Mansiysk Governor Cup 19th"]
[Site "Khanty-Mansiysk"]
[Date "2023.11.18"]
[Round "2"]
[White "Goganov, Aleksey"]
[Black "Vlasenko, Miroslav"]
[Result "1/2-1/2"]
[WhiteElo "2510"]
[BlackElo "2352"]
[PlyCount "84"]
[EventDate "2023.11.17"]
[EventType "swiss"]
[EventRounds "9"]
[EventCountry "RUS"]
[SourceTitle "CB48_2023"]
[SourceDate "2023.11.29"]
[SourceVersion "1"]
[SourceVersionDate "2023.11.29"]
[SourceQuality "1"]

1. d4 f5 2. g3 Nf6 3. c4 g6 4. Nf3 Bg7 5. Bg2 0-0 6. 0-0 d6 7. Nc3 c6 8. Qb3 Na6 9. Bf4 h6 10. Rad1 g5 11. Bc1 Qe8 12. h4 g4 13. Ne1 e5 14. e3 e4 15. Qa3 Be6 16. b3 c5 17. Nc2 Qe7 18. Rd2 Nc7 19. Rfd1 b6 20. dxc5 dxc5 21. Nd4 Bd7 22. Ndb5 Nxb5 23. Nxb5 a5 24. Nd6 Qe6 25. Bb2 Bc6 26. Bc3 Rad8 27. Qb2 Rd7 28. Nb5 Rfd8 29. Rxd7 Rxd7 30. Rxd7 Bxd7 31. Nc7 Qe7 32. Na8 Qd8 33. Qd2 Qxa8 34. Bxf6 Qc6 35. Bd8 Be6 36. Be7 Kf7 37. Qd6 Qxd6 38. Bxd6 a4 39. Bc7 axb3 40. axb3 Bc3 41. Bxb6 Bb4 42. Bc7 h5 1/2-1/2

[Event "Minsk op"]
[Site "Minsk"]
[Date "2023.11.10"]
[Round "8"]
[White "Goganov, Aleksey"]
[Black "Pridorozhni, Aleksei"]
[Result "1/2-1/2"]
[WhiteElo "2510"]
[BlackElo "2486"]
[PlyCount "66"]
[EventDate "2023.11.03"]
[EventType "swiss"]
[EventRounds "9"]
[EventCountry "BLR"]
[SourceTitle "CB46_2023"]
[SourceDate "2023.11.15"]
[SourceVersion "1"]
[SourceVersionDate "2023.11.15"]
[SourceQuality "1"]

1. e4 c5 2. Nf3 Nc6 3. d4 cxd4 4. Nxd4 Nf6 5. Nc3 e5 6. Ndb5 d6 7. Bg5 a6 8. Na3 b5 9. Nab1 Be7 10. Bxf6 Bxf6 11. a4 b4 12. Nd5 Bg5 13. Bc4 0-0 14. 0-0 Kh8 15. c3 Be6 16. cxb4 Nxb4 17. Nbc3 Qa5 18. Qe2 Rfc8 19. Rfd1 Bd8 20. Ne3 Qc5 21. Bxe6 fxe6 22. Qg4 Bb6 23. Rac1 Rf8 24. Ncd5 Qxc1 25. Rxc1 exd5 26. Nxd5 Nxd5 27. exd5 Bxf2+ 28. Kh1 Be3 29. Rb1 a5 30. h3 Bc5 31. Qc4 h6 32. Rf1 Rxf1+ 33. Qxf1 Rb8 1/2-1/2

[Event "Chigorin Memorial 30th"]
[Site "St Petersburg"]
[Date "2023.10.29"]
[Round "9"]
[White "Afanasiev, Nikita"]
[Black "Goganov, Aleksey"]
[Result "1/2-1/2"]
[WhiteElo "2533"]
[BlackElo "2519"]
[PlyCount "51"]
[EventDate "2023.10.21"]
[EventType "swiss"]
[EventRounds "9"]
[EventCountry "RUS"]
[SourceTitle "Mega2024 Update 01"]
[Source "Chessbase"]
[SourceDate "2023.11.12"]
[SourceVersion "1"]
[SourceVersionDate "2023.11.12"]
[SourceQuality "1"]

1. e4 e5 2. Nf3 Nc6 3. g3 Nf6 4. d3 Bc5 5. Bg2 d6 6. 0-0 h6 7. c3 a5 8. a4 0-0 9. Na3 Re8 10. Re1 Bd7 11. Nc4 Qc8 12. Be3 Bxe3 13. Nxe3 Bh3 14. Qb3 Bxg2 15. Kxg2 Qd7 16. Re2 b6 17. Rae1 Rad8 18. h3 Ne7 19. Nd2 Qc6 20. Qc4 Qb7 21. Kh2 Ng6 22. Nf3 c6 23. Qb3 Qc7 24. Qc4 Qb7 25. Qb3 Qc7 26. Qc4 1/2-1/2

[Event "Chigorin Memorial 30th"]
[Site "St Petersburg"]
[Date "2023.10.23"]
[Round "3"]
[White "Maslovskiy, Vladimir"]
[Black "Goganov, Aleksey"]
[Result "1-0"]
[WhiteElo "2135"]
[BlackElo "2519"]
[PlyCount "75"]
[EventDate "2023.10.21"]
[EventType "swiss"]
[EventRounds "9"]
[EventCountry "RUS"]
[SourceTitle "Mega2024 Update 01"]
[Source "Chessbase"]
[SourceDate "2023.11.12"]
[SourceVersion "1"]
[SourceVersionDate "2023.11.12"]
[SourceQuality "1"]

1. e4 e6 2. d4 d5 3. e5 c5 4. c3 Nc6 5. Nf3 Qb6 6. a3 c4 7. Nbd2 Na5 8. Rb1 Bd7 9. h4 0-0-0 10. b4 cxb3 11. Nxb3 Ba4 12. Nfd2 Kb8 13. Qc2 Rc8 14. Qb2 Nxb3 15. Nxb3 Bxb3 16. Qxb3 Rxc3 17. Qxb6 axb6 18. Kd2 Rc7 19. Rxb6 h5 20. Bb2 Ne7 21. a4 Nc6 22. Bc3 f6 23. f4 fxe5 24. fxe5 g6 25. Bd3 Bh6+ 26. Ke2 Nxe5 27. dxe5 Rxc3 28. Rhb1 Ra3 29. Rxb7+ Ka8 30. R7b6 Rxa4 31. Rxe6 Ra2+ 32. Ke1 Bd2+ 33. Kd1 Bc3 34. Bb5 Rd2+ 35. Kc1 Kb7 36. Ba6+ Ka7 37. Rb7+ Ka8 38. Ree7 1-0

[Event "Chigorin Memorial 30th"]
[Site "St Petersburg"]
[Date "2023.10.22"]
[Round "2"]
[White "Goganov, Aleksey"]
[Black "Kuznetsova, Marina"]
[Result "1-0"]
[WhiteElo "2519"]
[BlackElo "2052"]
[PlyCount "69"]
[EventDate "2023.10.21"]
[EventType "swiss"]
[EventRounds "9"]
[EventCountry "RUS"]
[SourceTitle "Mega2024 Update 01"]
[Source "Chessbase"]
[SourceDate "2023.11.12"]
[SourceVersion "1"]
[SourceVersionDate "2023.11.12"]
[SourceQuality "1"]

1. e4 c6 2. d4 d5 3. e5 Bf5 4. Nf3 e6 5. Be2 Ne7 6. c3 h6 7. 0-0 Nd7 8. a4 Qc7 9. Na3 a6 10. b4 Nc8 11. Nc2 Be7 12. Ne3 Bg6 13. Ne1 a5 14. Bd2 b6 15. bxa5 bxa5 16. f4 f5 17. Bh5 Bf7 18. Bxf7+ Kxf7 19. g4 g6 20. gxf5 exf5 21. c4 Ncb6 22. c5 Nc8 23. Nxf5 gxf5 24. Qh5+ Ke6 25. Qg6+ Bf6 26. exf6 Nf8 27. Qh5 Kxf6 28. Nf3 Ng6 29. Ne5 Nce7 30. Kh1 Nxe5 31. fxe5+ Ke6 32. Rxf5 Nxf5 33. Qg6+ Kd7 34. Qxf5+ Ke8 35. Qe6+ 1-0

[Event "Sochi Pearl Rapid op"]
[Site "Sochi"]
[Date "2023.10.11"]
[Round "11"]
[White "Goganov, Aleksey"]
[Black "Zakhartsov, Vladimir"]
[Result "1/2-1/2"]
[WhiteElo "2519"]
[BlackElo "2523"]
[PlyCount "44"]
[EventDate "2023.10.09"]
[EventType "swiss (rapid)"]
[EventRounds "11"]
[EventCountry "RUS"]
[SourceTitle "Mega2024 Update 01"]
[Source "Chessbase"]
[SourceDate "2023.11.12"]
[SourceVersion "1"]
[SourceVersionDate "2023.11.12"]
[SourceQuality "1"]

1. e4 c5 2. Nf3 Nc6 3. d4 cxd4 4. Nxd4 g6 5. c4 Nf6 6. Nc3 d6 7. Be2 Nxd4 8. Qxd4 Bg7 9. Be3 0-0 10. Qd2 a5 11. 0-0 a4 12. Rab1 Qa5 13. Rfc1 Be6 14. b4 axb3 15. axb3 Qb4 16. f3 Rfc8 17. Rc2 Nd7 18. Nb5 Qxd2 19. Rxd2 Nc5 20. Nd4 Ra3 21. Nxe6 fxe6 22. Bxc5 Rxc5 1/2-1/2

[Event "Sochi Pearl Rapid op"]
[Site "Sochi"]
[Date "2023.10.10"]
[Round "5"]
[White "Goganov, Aleksey"]
[Black "Gubajdullin, Alexey"]
[Result "1-0"]
[WhiteElo "2519"]
[BlackElo "2253"]
[PlyCount "59"]
[EventDate "2023.10.09"]
[EventType "swiss (rapid)"]
[EventRounds "11"]
[EventCountry "RUS"]
[SourceTitle "Mega2024 Update 01"]
[Source "Chessbase"]
[SourceDate "2023.11.12"]
[SourceVersion "1"]
[SourceVersionDate "2023.11.12"]
[SourceQuality "1"]

1. e4 c5 2. Nf3 Nc6 3. d4 cxd4 4. Nxd4 Nf6 5. Nc3 e5 6. Ndb5 d6 7. Nd5 Nxd5 8. exd5 Nb8 9. a4 Be7 10. Be2 0-0 11. 0-0 f5 12. Bd2 a6 13. Na3 Nd7 14. a5 Nf6 15. Bb4 f4 16. Nc4 e4 17. Qd4 Bf5 18. f3 exf3 19. Rxf3 g5 20. Bd3 Bg4 21. Rf2 Ne8 22. g3 Bf6 23. Qe4 Rf7 24. gxf4 Bf5 25. Qxf5 Bd4 26. Qe6 gxf4 27. Bxh7+ Kg7 28. Qg6+ Kf8 29. Qg8+ Ke7 30. Re1+ 1-0

[Event "Anapa Rapid op"]
[Site "Anapa"]
[Date "2023.10.05"]
[Round "9"]
[White "Grebnev, Aleksey"]
[Black "Goganov, Aleksey"]
[Result "1/2-1/2"]
[WhiteElo "2492"]
[BlackElo "2519"]
[PlyCount "43"]
[EventDate "2023.10.03"]
[EventType "swiss (rapid)"]
[EventRounds "11"]
[EventCountry "RUS"]
[SourceTitle "Mega2024 Update 01"]
[Source "Chessbase"]
[SourceDate "2023.11.12"]
[SourceVersion "1"]
[SourceVersionDate "2023.11.12"]
[SourceQuality "1"]

1. d4 Nf6 2. c4 e6 3. Bf4 Bb4+ 4. Nd2 c5 5. dxc5 Bxc5 6. e3 b6 7. Ngf3 Bb7 8. a3 0-0 9. Bd3 Be7 10. 0-0 d6 11. Bg3 Nbd7 12. Rc1 Rc8 13. Qe2 Nc5 14. Bb1 Nfe4 15. Nxe4 Nxe4 16. Rfd1 Nxg3 17. hxg3 Bf6 18. e4 Qe7 19. Rc2 Rfd8 20. Rcd2 g6 21. b3 Bg7 22. Qe3 1/2-1/2

[Event "St Petersburg Rapid 2023"]
[Site "St Petersburg"]
[Date "2023.08.26"]
[Round "3"]
[White "Goganov, Aleksey"]
[Black "Gukhman, Sergey"]
[Result "1-0"]
[WhiteElo "2519"]
[BlackElo "1924"]
[PlyCount "75"]
[EventDate "2023.08.26"]
[EventType "swiss (rapid)"]
[EventRounds "11"]
[EventCountry "RUS"]
[SourceTitle "EXT 2024"]
[Source "ChessBase"]
[SourceDate "2023.10.10"]
[SourceVersion "1"]
[SourceVersionDate "2023.10.10"]
[SourceQuality "1"]

1. e4 e5 2. Nf3 Nc6 3. Bb5 a6 4. Ba4 Nf6 5. 0-0 b5 6. Bb3 Bc5 7. c3 d6 8. a4 Rb8 9. d4 Bb6 10. a5 Ba7 11. h3 0-0 12. Be3 exd4 13. cxd4 Nb4 14. Nc3 Bb7 15. e5 Nfd5 16. Nxd5 Nxd5 17. Bg5 Qd7 18. Qd2 h6 19. Bh4 Ne7 20. Rfe1 Nd5 21. Bc2 f5 22. e6 Qe8 23. e7 Rf7 24. Bb3 Qd7 25. Re2 Re8 26. Rae1 Kh7 27. Re6 Kg8 28. Rg6 Kh7 29. Ree6 f4 30. Rxh6+ gxh6 31. Qd3+ Kg8 32. Rg6+ Rg7 33. Rxg7+ Kxg7 34. Bc2 Nxe7 35. Qh7+ Kf8 36. Qxh6+ Kg8 37. Bh7+ Kf7 38. Qf6# 1-0

[Event "St Petersburg Rapid 2023"]
[Site "St Petersburg"]
[Date "2023.08.26"]
[Round "4"]
[White "Gorlov, Artem"]
[Black "Goganov, Aleksey"]
[Result "1/2-1/2"]
[WhiteElo "2138"]
[BlackElo "2519"]
[PlyCount "49"]
[EventDate "2023.08.26"]
[EventType "swiss (rapid)"]
[EventRounds "11"]
[EventCountry "RUS"]
[SourceTitle "EXT 2024"]
[Source "ChessBase"]
[SourceDate "2023.10.10"]
[SourceVersion "1"]
[SourceVersionDate "2023.10.10"]
[SourceQuality "1"]

1. d4 Nf6 2. c4 e6 3. Nc3 Bb4 4. e3 0-0 5. Nge2 d5 6. a3 Be7 7. cxd5 exd5 8. Nf4 a5 9. Bd3 c6 10. 0-0 Na6 11. f3 Nc7 12. Bc2 c5 13. Kh1 Ne6 14. dxc5 Nxf4 15. exf4 Bxc5 16. f5 h6 17. Bf4 Bd6 18. Bxd6 Qxd6 19. Qd4 Bd7 20. Ne4 Qe7 21. Nxf6+ Qxf6 22. Qxf6 gxf6 23. Rad1 Bc6 24. Rfe1 Rfe8 25. Kg1 1/2-1/2

[Event "St Petersburg Rapid 2023"]
[Site "St Petersburg"]
[Date "2023.08.26"]
[Round "2"]
[White "Minina, Veronika"]
[Black "Goganov, Aleksey"]
[Result "0-1"]
[WhiteElo "2057"]
[BlackElo "2519"]
[PlyCount "118"]
[EventDate "2023.08.26"]
[EventType "swiss (rapid)"]
[EventRounds "11"]
[EventCountry "RUS"]
[SourceTitle "EXT 2024"]
[Source "ChessBase"]
[SourceDate "2023.10.10"]
[SourceVersion "1"]
[SourceVersionDate "2023.10.10"]
[SourceQuality "1"]

1. Nf3 d5 2. c4 d4 3. b4 c5 4. a3 Qc7 5. d3 e5 6. g3 cxb4 7. Bg2 Nc6 8. 0-0 Nf6 9. axb4 Bxb4 10. Qa4 0-0 11. Nbd2 a5 12. Ba3 Ra6 13. Bxb4 axb4 14. Qb5 Rb6 15. Qa4 Bd7 16. Qb3 Ra6 17. Ng5 h6 18. Nge4 Nxe4 19. Nxe4 Rfa8 20. Rxa6 Rxa6 21. Nc5 Ra3 22. Qb2 Be8 23. Bd5 Qe7 24. Bxc6 Bxc6 25. Qxb4 Ra2 26. Re1 f5 27. Qb6 e4 28. dxe4 fxe4 29. Qb1 Ra8 30. Nb3 Rd8 31. Na5 e3 32. Nxc6 exf2+ 33. Kxf2 Qe3+ 34. Kg2 bxc6 35. Qd3 Re8 36. Qxe3 Rxe3 37. Kf2 Rc3 38. e3 dxe3+ 39. Rxe3 Rxc4 40. h4 Kf7 41. Kf3 Kf6 42. Re8 h5 43. Rh8 g6 44. Rc8 Ke6 45. Rg8 Rg4 46. Rd8 c5 47. Kf2 c4 48. Kf3 Ke5 49. Rd7 c3 50. Rc7 Kd4 51. Ke2 Rxg3 52. Rc6 Rg4 53. Kd1 Rg2 54. Kc1 c2 55. Kb2 Ke4 56. Kc1 Kf5 57. Kb2 Rg4 58. Kxc2 Rxh4 59. Kd2 Re4 0-1

[Event "Uralsk op"]
[Site "Uralsk"]
[Date "2023.07.28"]
[Round "9"]
[White "Goganov, Aleksey"]
[Black "Aditya, Mittal"]
[Result "1/2-1/2"]
[WhiteElo "2531"]
[BlackElo "2563"]
[PlyCount "53"]
[EventDate "2023.07.21"]
[EventType "swiss"]
[EventRounds "9"]
[EventCountry "KAZ"]
[SourceTitle "CBM 215 Extra"]
[Source "ChessBase"]
[SourceDate "2023.09.30"]
[SourceVersion "1"]
[SourceVersionDate "2023.09.30"]
[SourceQuality "1"]

1. d4 Nf6 2. c4 e6 3. Nf3 d5 4. g3 Bb4+ 5. Bd2 Be7 6. Bg2 0-0 7. 0-0 c6 8. Qc2 Nbd7 9. Bf4 h6 10. Rd1 a5 11. Ne5 a4 12. Nc3 a3 13. b3 g5 14. Nxd7 Nxd7 15. Bd2 f5 16. e3 Rf7 17. Ne2 Qf8 18. Nc1 h5 19. Nd3 Rh7 20. f3 g4 21. Nf4 Nf6 22. Ng6 Qg7 23. Nxe7+ Qxe7 24. f4 h4 25. Be1 hxg3 26. Bxg3 Bd7 27. Rab1 1/2-1/2

[Event "Uralsk op"]
[Site "Uralsk"]
[Date "2023.07.25"]
[Round "6"]
[White "Goganov, Aleksey"]
[Black "Ter Sahakyan, Samvel"]
[Result "1/2-1/2"]
[WhiteElo "2531"]
[BlackElo "2604"]
[PlyCount "47"]
[EventDate "2023.07.21"]
[EventType "swiss"]
[EventRounds "9"]
[EventCountry "KAZ"]
[SourceTitle "CBM 215 Extra"]
[Source "ChessBase"]
[SourceDate "2023.09.30"]
[SourceVersion "1"]
[SourceVersionDate "2023.09.30"]
[SourceQuality "1"]

1. d4 Nf6 2. c4 e6 3. Nf3 d5 4. g3 Be7 5. Bg2 0-0 6. Qd3 b6 7. cxd5 Nxd5 8. Nc3 Ba6 9. Qc2 Nd7 10. Nxd5 exd5 11. Qa4 Bb7 12. 0-0 Bd6 13. Bg5 Qe8 14. e3 c5 15. dxc5 Nxc5 16. Qxe8 Rfxe8 17. Rfd1 Bf8 18. Bf4 Rac8 19. Be5 Ne4 20. Rac1 f6 21. Bd4 Rxc1 22. Rxc1 Rc8 23. Rxc8 Bxc8 24. Ne1 1/2-1/2